| 000 | 00405nam a2200169Ia 4500 | ||
|---|---|---|---|
| 001 | 20873 | ||
| 003 | IN-NITTTR | ||
| 005 | 20251114233238.0 | ||
| 008 | 251113s9999||||xx |||||||||||||| ||eng|| | ||
| 040 | _beng | ||
| 040 | _cIN-NITTTR | ||
| 041 | _aeng | ||
| 082 | _a378.54 A11 | ||
| 100 | _aChalam, K. S. | ||
| 245 | 0 |
_aAcademic staff development in higher education / _cChalam, K. S. |
|
| 942 |
_2ddc _cBK |
||
| 999 |
_c23503 _d23503 |
||